000
00258nam a22001217a 4500
020
_a
1-8442-2571-2
082
_a
823
_b
JOY/B
100
_a
JOYCE, MELANIE
245
_a
BUSY GARAGE
260
_a
UK
_b
LADY BIRD
650
_a
ENGLISH SHORT STORY
_z
UK
942
_c
BK
999
_c
2629
_d
2629